Catálogo
 En Linea

Historia y futuro de la ciudad Iberoamericana : (Registro nro. 37296)

Detalles MARC
000 -CABECERA
campo de control de longitud fija 00629nam a2200145 a 4500
001 - NÚMERO DE CONTROL
campo de control 000037806
005 - FECHA Y HORA DE LA ÚLTIMA TRANSACCIÓN
campo de control 20201002031121.0
008 - DATOS DE LONGITUD FIJA--INFORMACIÓN GENERAL
campo de control de longitud fija 130306s1986 000 spa d
020 ## - NÚMERO INTERNACIONAL ESTÁNDAR DEL LIBRO
Número Internacional Estándar del Libro 8400061128
040 ## - FUENTE DE LA CATALOGACIÓN
Centro catalogador/agencia de origen DO-SdBNP
Lengua de catalogación spa
Centro/agencia transcriptor BNPHU
245 10 - MENCIÓN DE TÍTULO
Título Historia y futuro de la ciudad Iberoamericana :
Resto del título un curso en la universidad internacional Menéndez Pelayo /
Mención de responsabilidad, etc. Francisco de Solano Coordidor.
260 ## - PUBLICACIÓN, DISTRIBUCIÓN, ETC.
Lugar de publicación, distribución, etc. Madrid :
Nombre del editor, distribuidor, etc. Consejo Superior de Investigaciónes Cientificas, Centro de Estudios Historicos. Universidad Internacional Menendez Pelayo,
Fecha de publicación, distribución, etc. 1986.
300 ## - DESCRIPCIÓN FÍSICA
Extensión 183 p. :
Otras características físicas il. ;
Dimensiones 21 cm.
700 1# - PUNTO DE ACCESO ADICIONAL--NOMBRE DE PERSONA
Nombre de persona Solano, Francisco, de
Término indicativo de función/relación coor.
9 (RLIN) 64253
Existencias
Estado de retiro Estado de pérdida Restricciones de uso No para préstamo Código de colección Localización permanente Ubicación/localización actual Ubicación en estantería Fecha de adquisición Número de inventario Total de préstamos Signatura topográfica completa Código de barras Fecha visto por última vez Precio válido a partir de Tipo de ítem Koha
        Monografías: Libros y Folletos General General Orden iniciada 06.03.2013 LF1   37806-10 25.06.2020 25.06.2020 No se presta

Con tecnología Koha